[Event "National Elementary Championship"]
[Site "Columbus, Ohio, United States"]
[Date "2022.05.15"]
[Round "6.15"]
[White "Lin, Benjamin"]
[Black "Ilyasov, Ahmed"]
[Result "0-1"]
[TimeControl "G/90;d5"]
[WhiteElo "1667"]
[BlackElo "1823"]

1. e4 {[%clk 01:30:00]} {[%emt 00:00:01]} e5 {[%clk 01:29:56]} {[%emt
00:00:09]} 2. Nf3 {[%clk 01:30:00]} {[%emt 00:00:04]} Nc6 {[%clk 01:29:56]}
{[%emt 00:00:05]} 3. Bc4 {[%clk 01:29:55]} {[%emt 00:00:10]} Bc5 {[%clk
01:29:24]} {[%emt 00:00:37]} 4. c3 {[%clk 01:29:44]} {[%emt 00:00:15]} Nf6
{[%clk 01:29:24]} {[%emt 00:00:05]} 5. d3 {[%clk 01:29:43]} {[%emt 00:00:07]}
h6 {[%clk 01:28:52]} {[%emt 00:00:38]} 6. O-O {[%clk 01:29:34]} {[%emt
00:00:12]} d6 {[%clk 01:26:28]} {[%emt 00:02:31]} 7. Nbd2 {[%clk 01:28:28]}
{[%emt 00:01:10]} O-O {[%clk 01:24:59]} {[%emt 00:01:35]} 8. Re1 {[%clk
01:28:06]} {[%emt 00:00:26]} Bg4 {[%clk 01:24:02]} {[%emt 00:01:03]} 9. h3
{[%clk 01:27:38]} {[%emt 00:00:33]} Bh5 {[%clk 01:24:01]} {[%emt 00:00:06]} 10.
Nf1 {[%clk 01:27:00]} {[%emt 00:00:42]} Na5 {[%clk 01:21:58]} {[%emt 00:02:09]}
11. Bb5 {[%clk 01:24:46]} {[%emt 00:02:19]} c6 {[%clk 01:17:52]} {[%emt
00:04:12]} 12. Ba4 {[%clk 01:24:19]} {[%emt 00:00:32]} b5 {[%clk 01:15:18]}
{[%emt 00:02:39]} 13. Bc2 {[%clk 01:23:33]} {[%emt 00:00:50]} b4 {[%clk
01:11:52]} {[%emt 00:03:31]} 14. Ng3 {[%clk 01:09:32]} {[%emt 00:14:05]} Bg6
{[%clk 01:03:03]} {[%emt 00:08:55]} 15. Be3 {[%clk 00:59:07]} {[%emt 00:10:29]}
Bxe3 {[%clk 00:56:07]} {[%emt 00:07:01]} 16. fxe3 {[%clk 00:58:08]} {[%emt
00:01:04]} bxc3 {[%clk 00:54:34]} {[%emt 00:01:38]} 17. bxc3 {[%clk 00:58:07]}
{[%emt 00:00:06]} Nh5 {[%clk 00:53:50]} {[%emt 00:00:49]} 18. Nf5 {[%clk
00:49:32]} {[%emt 00:08:41]} Bxf5 {[%clk 00:44:31]} {[%emt 00:09:24]} 19. exf5
{[%clk 00:49:19]} {[%emt 00:00:18]} Ng3 {[%clk 00:37:07]} {[%emt 00:07:27]} 20.
e4 {[%clk 00:47:35]} {[%emt 00:01:50]} Qb6+ {[%clk 00:34:00]} {[%emt 00:03:13]}
21. Kh2 {[%clk 00:40:39]} {[%emt 00:06:59]} Qf2 {[%clk 00:32:12]} {[%emt
00:01:55]} 22. Qd2 {[%clk 00:37:33]} {[%emt 00:03:11]} Qxd2 {[%clk 00:32:02]}
{[%emt 00:00:14]} 23. Nxd2 {[%clk 00:37:33]} {[%emt 00:00:07]} Nh5 {[%clk
00:31:50]} {[%emt 00:00:16]} 24. g3 {[%clk 00:36:59]} {[%emt 00:00:39]} Rfe8
{[%clk 00:30:45]} {[%emt 00:01:11]} 25. Ba4 {[%clk 00:34:13]} {[%emt 00:02:51]}
Re7 {[%clk 00:29:08]} {[%emt 00:01:42]} 26. Nf3 {[%clk 00:33:25]} {[%emt
00:00:53]} Rb8 {[%clk 00:28:45]} {[%emt 00:00:28]} 27. Rab1 {[%clk 00:30:01]}
{[%emt 00:03:28]} Reb7 {[%emt 00:04:22]} 28. Nd2 {[%clk 00:27:46]} Rb2 {[%clk
00:25:48]} {[%emt 00:01:05]} 29. Rxb2 {[%clk 00:15:14]} {[%emt 00:12:37]} Rxb2
{[%clk 00:25:46]} {[%emt 00:00:06]} 30. Re2 {[%clk 00:15:08]} {[%emt 00:00:11]}
Rxa2 {[%clk 00:25:31]} {[%emt 00:00:18]} 31. Bd1 {[%clk 00:15:01]} {[%emt
00:00:07]} Nf6 {[%clk 00:24:33]} {[%emt 00:01:10]} 32. Nf3 {[%clk 00:14:20]}
{[%emt 00:00:46]} Rxe2+ {[%clk 00:24:26]} {[%emt 00:00:12]} 33. Bxe2 {[%clk
00:14:20]} {[%emt 00:00:05]} Nb3 {[%clk 00:24:09]} {[%emt 00:00:22]} 34. Bd1
{[%clk 00:12:48]} {[%emt 00:01:37]} Nc5 {[%clk 00:23:57]} {[%emt 00:00:17]} 35.
Bc2 {[%clk 00:12:47]} {[%emt 00:00:05]} a5 {[%clk 00:23:52]} {[%emt 00:00:10]}
36. Nd2 {[%clk 00:12:38]} {[%emt 00:00:14]} d5 {[%clk 00:21:26]} {[%emt
00:02:32]} 37. exd5 {[%clk 00:11:01]} {[%emt 00:01:42]} Nxd5 {[%clk 00:19:58]}
{[%emt 00:01:33]} 38. d4 {[%clk 00:10:12]} {[%emt 00:00:54]} exd4 {[%clk
00:19:24]} {[%emt 00:00:38]} 39. cxd4 {[%clk 00:10:10]} {[%emt 00:00:08]} Ne3
{[%clk 00:18:23]} {[%emt 00:01:07]} 40. dxc5 {[%clk 00:09:07]} {[%emt
00:01:09]} Nxc2 {[%clk 00:18:17]} {[%emt 00:00:10]} 41. Nb1 {[%clk 00:08:32]}
{[%emt 00:00:40]} a4 {[%clk 00:18:02]} {[%emt 00:00:20]} 42. Nc3 {[%clk
00:07:23]} {[%emt 00:01:14]} a3 {[%clk 00:17:58]} {[%emt 00:00:09]} 43. Na2
{[%clk 00:07:16]} {[%emt 00:00:13]} Kf8 {[%clk 00:17:52]} {[%emt 00:00:10]} 44.
Kg2 {[%clk 00:07:13]} {[%emt 00:00:07]} Ke7 {[%clk 00:17:51]} {[%emt 00:00:07]}
45. Kf2 {[%clk 00:07:07]} {[%emt 00:00:12]} Kf6 {[%clk 00:17:50]} {[%emt
00:00:06]} 46. g4 {[%clk 00:06:40]} {[%emt 00:00:32]} Ke5 {[%clk 00:17:48]}
{[%emt 00:00:07]} 47. Ke2 {[%clk 00:06:35]} {[%emt 00:00:09]} Kd4 {[%clk
00:17:18]} {[%emt 00:00:36]} 48. Kd2 {[%clk 00:06:23]} {[%emt 00:00:17]} Ne3
{[%clk 00:17:10]} {[%emt 00:00:13]} 49. Nc1 {[%clk 00:05:07]} {[%emt 00:01:21]}
Nc4+ {[%clk 00:16:38]} {[%emt 00:00:37]} 50. Kc2 {[%clk 00:04:59]} {[%emt
00:00:13]} Kxc5 {[%clk 00:16:23]} {[%emt 00:00:18]} 51. Kc3 {[%clk 00:04:59]}
{[%emt 00:00:06]} Nd6 {[%clk 00:15:30]} {[%emt 00:00:58]} 52. Nd3+ {[%clk
00:04:48]} {[%emt 00:00:14]} Kd5 {[%clk 00:15:24]} {[%emt 00:00:13]} 53. Nb4+
{[%clk 00:04:41]} {[%emt 00:00:11]} Kc5 {[%clk 00:14:52]} {[%emt 00:00:37]} 54.
Nd3+ {[%clk 00:04:41]} {[%emt 00:00:04]} Kb5 {[%clk 00:14:49]} {[%emt
00:00:07]} 55. Kb3 {[%clk 00:04:20]} {[%emt 00:00:27]} Nc4 {[%clk 00:14:26]}
{[%emt 00:00:28]} 56. h4 {[%clk 00:04:05]} {[%emt 00:00:20]} f6 {[%clk
00:14:04]} {[%emt 00:00:27]} 57. Nf4 {[%clk 00:03:52]} {[%emt 00:00:18]} Ne5
{[%clk 00:13:39]} {[%emt 00:00:30]} 58. Kxa3 {[%clk 00:03:23]} {[%emt
00:00:34]} c5 {[%clk 00:13:12]} {[%emt 00:00:32]} 59. Ne6 {[%clk 00:03:05]}
{[%emt 00:00:23]} Nxg4 {[%clk 00:12:09]} {[%emt 00:01:09]} 60. Nxg7 {[%clk
00:02:59]} {[%emt 00:00:11]} Kc4 {[%clk 00:12:09]} {[%emt 00:00:04]} 61. Kb2
{[%clk 00:02:57]} {[%emt 00:00:07]} Kd3 {[%clk 00:11:39]} {[%emt 00:00:34]} 62.
Kc1 {[%clk 00:02:57]} {[%emt 00:00:02]} c4 {[%clk 00:11:33]} {[%emt 00:00:11]}
63. Nh5 {[%clk 00:02:27]} {[%emt 00:00:34]} c3 {[%clk 00:11:17]} {[%emt
00:00:21]} 64. Nf4+ {[%clk 00:02:12]} {[%emt 00:00:20]} Kc4 {[%clk 00:10:46]}
{[%emt 00:00:37]} 65. Ne2 {[%clk 00:01:56]} {[%emt 00:00:20]} Ne3 {[%clk
00:10:34]} {[%emt 00:00:17]} 66. Ng3 {[%clk 00:01:48]} {[%emt 00:00:12]} Kd3
{[%clk 00:10:19]} {[%emt 00:00:21]} 67. h5 {[%clk 00:01:25]} {[%emt 00:00:28]}
c2 {[%clk 00:10:15]} {[%emt 00:00:09]} 68. Nh1 {[%clk 00:01:20]} {[%emt
00:00:10]} Nxf5 {[%clk 00:09:58]} {[%emt 00:00:21]} 69. Nf2+ {[%clk 00:01:20]}
{[%emt 00:00:04]} Ke2 {[%clk 00:09:36]} {[%emt 00:00:27]} 70. Ng4 {[%clk
00:01:08]} {[%emt 00:00:17]} Nd4 {[%clk 00:08:54]} {[%emt 00:00:47]} 71. Nxf6
{[%clk 00:00:29]} {[%emt 00:00:43]} Kd3 {[%clk 00:08:49]} {[%emt 00:00:10]} 0-1

[Event "National Elementary Championship"]
[Site "Columbus, Ohio, United States"]
[Date "2022.05.15"]
[Round "6.16"]
[White "Lu, Yiding"]
[Black "Javeri, Arhan"]
[Result "1-0"]
[TimeControl "G/90;d5"]
[WhiteElo "1961"]
[BlackElo "1643"]

1. Nf3 {[%clk 01:30:00]} {[%emt 00:00:02]} d5 {[%clk 01:29:45]} {[%emt
00:00:20]} 2. g3 {[%clk 01:29:55]} {[%emt 00:00:10]} c5 {[%clk 01:29:33]}
{[%emt 00:00:17]} 3. Bg2 {[%clk 01:29:55]} {[%emt 00:00:05]} Nc6 {[%clk
01:29:19]} {[%emt 00:00:19]} 4. d4 {[%clk 01:29:31]} {[%emt 00:00:29]} Nf6
{[%clk 01:29:12]} {[%emt 00:00:12]} 5. O-O {[%clk 01:26:25]} {[%emt 00:03:12]}
Bf5 {[%clk 01:27:57]} {[%emt 00:01:19]} 6. c4 {[%clk 01:15:36]} {[%emt
00:10:55]} dxc4 {[%clk 01:26:01]} {[%emt 00:02:00]} 7. Qa4 {[%clk 01:12:05]}
{[%emt 00:03:36]} Qa5 {[%clk 01:18:48]} {[%emt 00:07:18]} 8. Qxc4 {[%clk
01:09:38]} {[%emt 00:02:33]} Qb4 {[%clk 01:16:59]} {[%emt 00:01:54]} 9. Qxc5
{[%clk 01:06:35]} {[%emt 00:03:07]} Qxc5 {[%clk 01:16:51]} {[%emt 00:00:12]} 10.
dxc5 {[%clk 01:06:35]} {[%emt 00:00:02]} e6 {[%clk 01:16:47]} {[%emt 00:00:08]}
11. Be3 {[%clk 00:52:41]} {[%emt 00:14:00]} Ng4 {[%clk 01:14:42]} {[%emt
00:02:10]} 12. Nd4 {[%clk 00:51:25]} {[%emt 00:01:21]} Kd7 {[%clk 01:04:48]}
{[%emt 00:09:59]} 13. Bxc6+ {[%clk 00:41:22]} {[%emt 00:10:08]} bxc6 {[%clk
01:04:32]} {[%emt 00:00:21]} 14. Nxf5 {[%clk 00:41:21]} {[%emt 00:00:06]} exf5
{[%clk 01:04:28]} {[%emt 00:00:09]} 15. Bd4 {[%clk 00:40:26]} {[%emt 00:01:01]}
Rd8 {[%clk 01:03:46]} {[%emt 00:00:46]} 16. Na3 {[%clk 00:38:34]} {[%emt
00:01:58]} Kc7 {[%clk 01:03:31]} {[%emt 00:00:19]} 17. Rfd1 {[%clk 00:36:15]}
{[%emt 00:02:24]} f6 {[%clk 00:59:56]} {[%emt 00:03:38]} 18. Nc4 {[%clk
00:34:08]} {[%emt 00:02:15]} Be7 {[%clk 00:57:15]} {[%emt 00:02:44]} 19. b4
{[%clk 00:29:17]} {[%emt 00:04:59]} Rb8 {[%clk 00:56:19]} {[%emt 00:00:59]} 20.
a3 {[%clk 00:28:30]} {[%emt 00:00:53]} g5 {[%clk 00:55:52]} {[%emt 00:00:31]}
21. h3 {[%clk 00:26:42]} {[%emt 00:01:53]} Nh6 {[%clk 00:55:22]} {[%emt
00:00:31]} 22. f4 {[%clk 00:24:05]} {[%emt 00:02:46]} gxf4 {[%clk 00:54:58]}
{[%emt 00:00:28]} 23. gxf4 {[%clk 00:24:05]} {[%emt 00:00:04]} Rhg8+ {[%clk
00:54:58]} {[%emt 00:00:02]} 24. Kf2 {[%clk 00:24:03]} {[%emt 00:00:08]} Rg6
{[%clk 00:54:51]} {[%emt 00:00:12]} 25. Rg1 {[%clk 00:23:02]} {[%emt 00:01:05]}
Rd8 {[%clk 00:54:35]} {[%emt 00:00:20]} 26. Rad1 {[%clk 00:22:22]} {[%emt
00:00:46]} Nf7 {[%clk 00:54:02]} {[%emt 00:00:38]} 27. Ne3 {[%clk 00:21:38]}
{[%emt 00:00:51]} Nh6 {[%clk 00:53:35]} {[%emt 00:00:29]} 28. Bc3 {[%clk
00:21:02]} {[%emt 00:00:42]} Re8 {[%clk 00:53:11]} {[%emt 00:00:29]} 29. Rg2
{[%clk 00:20:04]} {[%emt 00:01:03]} a5 {[%clk 00:52:57]} {[%emt 00:00:19]} 30.
Rgg1 {[%clk 00:19:32]} {[%emt 00:00:38]} axb4 {[%clk 00:52:52]} {[%emt
00:00:10]} 31. axb4 {[%clk 00:19:32]} {[%emt 00:00:02]} Ra8 {[%clk 00:52:46]}
{[%emt 00:00:12]} 32. Ra1 {[%clk 00:19:17]} {[%emt 00:00:18]} Kb7 {[%clk
00:52:10]} {[%emt 00:00:41]} 33. Rxa8 {[%clk 00:18:51]} {[%emt 00:00:31]} Kxa8
{[%clk 00:52:10]} 34. Rd1 {[%clk 00:18:40]} {[%emt 00:00:17]} Rg7 {[%clk
00:51:22]} {[%emt 00:00:52]} 35. Rd7 {[%clk 00:17:48]} {[%emt 00:00:57]} Kb8
{[%clk 00:51:16]} {[%emt 00:00:12]} 36. Nc4 {[%clk 00:17:14]} {[%emt 00:00:40]}
Ng8 {[%clk 00:49:54]} {[%emt 00:01:25]} 37. Nb6 {[%clk 00:16:54]} {[%emt
00:00:26]} Rf7 {[%clk 00:49:38]} {[%emt 00:00:20]} 38. Rd1 {[%clk 00:16:04]}
{[%emt 00:00:57]} Rg7 {[%clk 00:49:34]} {[%emt 00:00:09]} 39. e3 {[%clk
00:15:20]} {[%emt 00:00:48]} Ka7 {[%clk 00:49:34]} {[%emt 00:00:04]} 40. Rd7+
{[%clk 00:13:32]} {[%emt 00:01:53]} Ka6 {[%clk 00:49:31]} {[%emt 00:00:08]} 41.
Rc7 {[%clk 00:13:04]} {[%emt 00:00:33]} Bf8 {[%clk 00:49:29]} {[%emt 00:00:06]}
42. Rxc6 {[%clk 00:12:53]} {[%emt 00:00:16]} Kb5 {[%clk 00:49:26]} {[%emt
00:00:09]} 43. Rc8 {[%clk 00:12:44]} {[%emt 00:00:14]} Rf7 {[%clk 00:49:24]}
{[%emt 00:00:06]} 44. Rb8 {[%clk 00:10:11]} {[%emt 00:02:37]} Kc6 {[%clk
00:49:20]} {[%emt 00:00:09]} 45. Bd4 {[%clk 00:08:33]} {[%emt 00:01:44]} Ne7
{[%clk 00:48:36]} {[%emt 00:00:48]} 46. b5+ {[%clk 00:08:06]} {[%emt 00:00:34]}
Kc7 {[%clk 00:48:17]} {[%emt 00:00:23]} 47. Ra8 {[%clk 00:07:29]} {[%emt
00:00:41]} Kb7 {[%clk 00:48:17]} {[%emt 00:00:04]} 48. Rd8 {[%clk 00:06:59]}
{[%emt 00:00:34]} Kc7 {[%clk 00:47:47]} {[%emt 00:00:35]} 49. Rd7+ {[%clk
00:06:58]} {[%emt 00:00:06]} Kb8 {[%clk 00:47:44]} {[%emt 00:00:07]} 50. c6
{[%clk 00:06:41]} {[%emt 00:00:24]} Nxc6 {[%clk 00:46:53]} {[%emt 00:00:56]} 51.
Rxf7 {[%clk 00:06:29]} {[%emt 00:00:18]} Nxd4 {[%clk 00:46:53]} {[%emt
00:00:04]} 52. Rxf8+ {[%clk 00:06:25]} {[%emt 00:00:08]} Kb7 {[%clk 00:46:53]}
{[%emt 00:00:02]} 53. exd4 {[%clk 00:06:16]} {[%emt 00:00:15]} Kxb6 {[%emt
00:00:08]} 54. Rxf6+ {[%clk 00:06:10]} {[%emt 00:00:05]} Kxb5 {[%clk 00:46:53]}
{[%emt 00:00:01]} 55. d5 {[%clk 00:06:01]} {[%emt 00:00:13]} Kc5 {[%clk
00:46:53]} {[%emt 00:00:03]} 56. d6 {[%clk 00:06:01]} {[%emt 00:00:04]} Kc6
{[%clk 00:46:53]} 57. Ke3 {[%clk 00:05:59]} {[%emt 00:00:08]} h5 {[%clk
00:46:53]} {[%emt 00:00:03]} 58. Kd4 {[%clk 00:05:59]} {[%emt 00:00:03]} h4
{[%clk 00:46:53]} {[%emt 00:00:01]} 59. Ke5 {[%clk 00:05:51]} {[%emt 00:00:14]}
Kd7 {[%clk 00:46:53]} {[%emt 00:00:01]} 60. Rf7+ {[%clk 00:05:51]} {[%emt
00:00:04]} Kd8 {[%clk 00:46:53]} 61. Ke6 {[%clk 00:05:45]} {[%emt 00:00:11]}
Ke8 {[%clk 00:46:53]} {[%emt 00:00:01]} 62. d7+ {[%clk 00:05:43]} {[%emt
00:00:08]} Kd8 {[%clk 00:46:53]} {[%emt 00:00:01]} 63. Rf8+ {[%clk 00:05:43]}
{[%emt 00:00:05]} 1-0

[Event "National Elementary Championship"]
[Site "Columbus, Ohio, United States"]
[Date "2022.05.15"]
[Round "6.17"]
[White "Goodrich, Elliot"]
[Black "Li, Mason"]
[Result "1-0"]
[TimeControl "G/90;d5"]
[WhiteElo "1868"]
[BlackElo "1559"]

1. e4 {[%clk 01:30:00]} c6 {[%clk 01:30:00]} {[%emt 00:00:05]} 2. Nc3 {[%clk
01:30:00]} {[%emt 00:00:02]} d5 {[%clk 01:29:57]} {[%emt 00:00:08]} 3. Nf3
{[%clk 01:30:00]} {[%emt 00:00:02]} Bg4 {[%clk 01:29:17]} {[%emt 00:00:45]} 4.
h3 {[%clk 01:29:49]} {[%emt 00:00:17]} Bh5 {[%clk 01:29:03]} {[%emt 00:00:19]}
5. exd5 {[%clk 01:29:47]} {[%emt 00:00:07]} cxd5 {[%clk 01:28:45]} {[%emt
00:00:24]} 6. Bb5+ {[%clk 01:29:47]} {[%emt 00:00:05]} Nc6 {[%clk 01:28:21]}
{[%emt 00:00:29]} 7. g4 {[%clk 01:29:41]} {[%emt 00:00:10]} Bg6 {[%clk
01:27:50]} {[%emt 00:00:36]} 8. Ne5 {[%clk 01:29:41]} {[%emt 00:00:06]} Rc8
{[%clk 01:27:34]} {[%emt 00:00:19]} 9. d4 {[%clk 01:29:37]} {[%emt 00:00:10]}
e6 {[%clk 01:21:33]} {[%emt 00:06:06]} 10. Qe2 {[%clk 01:28:22]} {[%emt
00:01:21]} Nge7 {[%clk 01:14:37]} {[%emt 00:07:00]} 11. h4 {[%clk 01:27:11]}
{[%emt 00:01:16]} h6 {[%clk 01:11:29]} {[%emt 00:03:13]} 12. Be3 {[%clk
01:22:08]} {[%emt 00:05:09]} f6 {[%clk 01:06:47]} {[%emt 00:04:47]} 13. Nxg6
{[%clk 01:21:48]} {[%emt 00:00:25]} Nxg6 {[%clk 01:06:41]} {[%emt 00:00:10]} 14.
h5 {[%clk 01:21:48]} {[%emt 00:00:03]} Nge7 {[%clk 01:05:53]} {[%emt 00:00:52]}
15. Bf4 {[%clk 01:20:01]} {[%emt 00:01:52]} Kf7 {[%clk 01:02:48]} {[%emt
00:03:10]} 16. O-O-O {[%clk 01:18:45]} {[%emt 00:01:21]} a6 {[%clk 01:00:09]}
{[%emt 00:02:45]} 17. Bd3 {[%clk 01:17:30]} {[%emt 00:01:20]} Qd7 {[%clk
00:50:56]} {[%emt 00:09:17]} 18. Na4 {[%clk 01:15:09]} {[%emt 00:02:26]} Nxd4
{[%clk 00:43:56]} {[%emt 00:07:05]} 19. Bg6+ {[%clk 01:15:05]} {[%emt
00:00:09]} Nxg6 {[%clk 00:43:53]} {[%emt 00:00:09]} 20. hxg6+ {[%clk 01:15:05]}
{[%emt 00:00:04]} Kxg6 {[%clk 00:40:45]} {[%emt 00:03:12]} 21. Rxd4 {[%clk
01:15:01]} {[%emt 00:00:09]} e5 {[%clk 00:39:44]} {[%emt 00:01:06]} 22. Bxe5
{[%clk 01:14:46]} {[%emt 00:00:20]} fxe5 {[%clk 00:39:31]} {[%emt 00:00:18]} 23.
Qxe5 {[%clk 01:14:46]} {[%emt 00:00:02]} Bd6 {[%clk 00:34:56]} {[%emt
00:04:39]} 24. Qh5+ {[%clk 01:14:30]} {[%emt 00:00:21]} Kf6 {[%clk 00:34:13]}
{[%emt 00:00:48]} 25. Nb6 {[%clk 01:12:41]} {[%emt 00:01:55]} Rxc2+ {[%clk
00:32:11]} {[%emt 00:02:06]} 26. Kxc2 {[%clk 01:12:36]} {[%emt 00:00:10]} Qc6+
{[%clk 00:32:10]} {[%emt 00:00:07]} 27. Kb1 {[%clk 01:12:36]} {[%emt 00:00:03]}
Qxb6 {[%clk 00:31:42]} {[%emt 00:00:32]} 28. Qf5+ {[%clk 01:12:36]} {[%emt
00:00:05]} Ke7 {[%clk 00:31:30]} {[%emt 00:00:18]} 29. Re1+ {[%clk 01:12:36]}
{[%emt 00:00:02]} Kd8 {[%clk 00:30:37]} {[%emt 00:00:58]} 30. Qxd5 {[%clk
01:12:36]} {[%emt 00:00:02]} Kc7 {[%clk 00:29:15]} {[%emt 00:01:26]} 31. Rc1+
{[%clk 01:12:36]} {[%emt 00:00:03]} Kd7 {[%clk 00:29:07]} {[%emt 00:00:13]} 32.
Rcd1 {[%clk 01:12:36]} {[%emt 00:00:04]} Rf8 {[%clk 00:27:53]} {[%emt
00:01:19]} 33. Qxd6+ {[%clk 01:12:34]} {[%emt 00:00:07]} Qxd6 {[%clk 00:27:38]}
{[%emt 00:00:20]} 34. Rxd6+ {[%clk 01:12:34]} 1-0

[Event "National Elementary Championship"]
[Site "Columbus, Ohio, United States"]
[Date "2022.05.15"]
[Round "6.18"]
[White "Hanke, Harvey"]
[Black "Chovanec, Alice"]
[Result "1-0"]
[TimeControl "G/90;d5"]
[WhiteElo "1728"]
[BlackElo "1695"]

1. e4 {[%clk 01:30:00]} c5 {[%clk 01:29:59]} 2. Nc3 {[%clk 01:30:00]} e6 {[%clk
01:29:56]} 3. f4 {[%clk 01:30:00]} d5 {[%clk 01:29:53]} 4. Bb5+ {[%clk
01:30:00]} Bd7 {[%clk 01:29:42]} {[%emt 00:00:16]} 5. Bxd7+ {[%clk 01:29:59]}
{[%emt 00:00:32]} Qxd7 {[%clk 01:29:38]} 6. d3 {[%clk 01:29:36]} {[%emt
00:00:05]} Nc6 {[%clk 01:29:12]} {[%emt 00:00:42]} 7. Nf3 {[%clk 01:29:16]}
{[%emt 00:00:21]} Nf6 {[%clk 01:28:13]} {[%emt 00:00:55]} 8. O-O {[%clk
01:26:33]} {[%emt 00:02:53]} Be7 {[%clk 01:25:16]} {[%emt 00:03:02]} 9. Qe1
{[%clk 01:25:30]} {[%emt 00:01:09]} Nb4 {[%clk 01:16:26]} {[%emt 00:08:54]} 10.
Qe2 {[%clk 01:23:26]} {[%emt 00:02:39]} d4 {[%clk 01:11:20]} {[%emt 00:04:35]}
11. Ne5 {[%clk 01:20:25]} {[%emt 00:03:05]} Qc8 {[%clk 01:02:46]} {[%emt
00:09:18]} 12. Nd1 {[%clk 01:19:37]} {[%emt 00:00:15]} Nc6 {[%clk 00:58:34]}
{[%emt 00:04:49]} 13. Nf3 {[%clk 01:17:36]} {[%emt 00:02:08]} b5 {[%clk
00:52:09]} {[%emt 00:05:56]} 14. a4 {[%clk 01:16:25]} {[%emt 00:01:47]} a6
{[%clk 00:49:23]} {[%emt 00:02:25]} 15. Nf2 {[%clk 01:14:31]} {[%emt 00:01:53]}
Qb7 {[%clk 00:44:50]} {[%emt 00:04:42]} 16. Nh1 {[%clk 01:13:47]} {[%emt
00:00:50]} bxa4 {[%clk 00:40:30]} {[%emt 00:04:20]} 17. Rxa4 {[%clk 01:12:53]}
{[%emt 00:01:11]} Qb5 {[%clk 00:40:01]} {[%emt 00:00:20]} 18. Ra1 {[%clk
01:12:25]} {[%emt 00:00:39]} Rd8 {[%clk 00:37:40]} {[%emt 00:02:20]} 19. Ng3
{[%clk 01:11:41]} {[%emt 00:00:58]} Na7 {[%clk 00:35:18]} {[%emt 00:02:18]} 20.
f5 {[%clk 01:10:50]} {[%emt 00:01:12]} h6 {[%clk 00:32:23]} {[%emt 00:02:44]}
21. fxe6 {[%clk 01:09:38]} {[%emt 00:01:19]} fxe6 {[%clk 00:32:15]} {[%emt
00:00:09]} 22. Ne5 {[%clk 01:04:37]} {[%emt 00:05:06]} Nc6 {[%clk 00:29:54]}
{[%emt 00:02:53]} 23. Rxf6 {[%clk 01:02:21]} {[%emt 00:01:57]} Nxe5 {[%clk
00:27:11]} {[%emt 00:02:45]} 24. Rxe6 {[%clk 01:01:48]} {[%emt 00:00:49]} Nc6
{[%clk 00:25:56]} {[%emt 00:01:08]} 25. Qh5+ {[%clk 01:00:26]} {[%emt
00:01:32]} Kd7 {[%clk 00:24:44]} {[%emt 00:01:13]} 26. Qd5+ {[%clk 00:58:06]}
{[%emt 00:02:26]} Kc7 {[%clk 00:24:16]} {[%emt 00:00:31]} 27. Bf4+ {[%clk
00:56:05]} {[%emt 00:02:10]} Kb6 {[%clk 00:23:55]} {[%emt 00:00:29]} 28. Rxa6+
{[%clk 00:52:53]} {[%emt 00:03:13]} Kxa6 {[%clk 00:23:39]} {[%emt 00:00:23]} 29.
Rxc6+ {[%clk 00:52:42]} {[%emt 00:00:12]} Ka7 {[%clk 00:21:19]} {[%emt
00:02:24]} 30. Qa2+ {[%clk 00:52:20]} {[%emt 00:00:28]} Kb7 {[%clk 00:20:35]}
{[%emt 00:00:49]} 31. Rc7+ {[%clk 00:52:19]} {[%emt 00:00:13]} Kb6 {[%clk
00:19:59]} {[%emt 00:00:35]} 32. Qa7# {[%clk 00:52:19]} {[%emt 00:00:13]} 1-0